Las nuevas Sociologías (Registro nro. 26776)
[ vista simple ]
| 000 -ENCABEZADO | |
|---|---|
| Número de control [NR] | 01149nam a2200289Ia 4500 |
| 005 - FECHA Y HORA DE LA ÚLTIMA TRANSACCIÓN | |
| control field | 20211108105519.0 |
| 008 - DE LONGITUD FIJA DE DATOS DE ELEMENTOS - INFORMACIÓN GENERAL | |
| Elementos de longitud fija [NR] | 130821s1998 sp gr spa |
| 020 ## - NUMERO INTERNACIONAL NORMALIZADO PARA LIBROS [R] | |
| Número Internacional Normalizado del libro [NR] | 8420657298 |
| 040 ## - FUENTE DE CATALOGACION [NR] | |
| Agencia de catalogación original [NR] | CO-BoUCM |
| Idioma de catalogación [NR] | spa |
| Quien Cataloga | Jose A. Gerena (modificó) |
| Quien Clasifica | [Nuevo] |
| 041 00 - CODIGO DE IDIOMA [R] | |
| Código de idioma para texto/pista de sonido o título separado [R] | Español |
| 100 1# - ASIENTO PRINCIPAL--NOMBRE PERSONAL [NR] | |
| Nombre personal [NR] | Corcuff, Philippe |
| ID Autoridad | 52237 |
| 245 14 - MENCION DE TITULO [NR] | |
| Título [NR] | Las nuevas Sociologías |
| Mención de responsabilidad, etc. [NR] | Philippe Corcuff ; versión de Belén Urrutia. |
| Parte restante del título [NR] | construcciones de la realidad social |
| 260 ## - PUBLICACION, DISTRIBUCION, ETC. (PIE DE IMPRENTA) [R] | |
| Lugar de publicación, distribución, etc. [R] | Madrid (España) |
| Nombre del editor, distribuidor, etc. [R] | Alianza |
| Fecha de publicación, distribución, etc. [R] | 1998 |
| 300 ## - DESCRIPCION FISICA [R] | |
| Extensión [R] | 119 páginas |
| 490 #3 - MENCION DE SERIE [R] | |
| Mención de serie [R] | El Libro Universitario. |
| Designación numérica/secuencial del volumen [NR] | mt004 |
| Mención de serie [R] | Materiales/Ciencias Sociales |
| 600 14 - ASIENTO SECUNDARIO DE MATERIA - NOMBRE PERSONAL [R] | |
| Nombre personal [NR] | Durkheim, Émile |
| Fechas asociadas con el nombre [NR] | 1858-1917 |
| Subdivisión general [R] | Crítica e interpretación, etc. |
| 9 (RLIN) | 69662 |
| 600 14 - ASIENTO SECUNDARIO DE MATERIA - NOMBRE PERSONAL [R] | |
| Nombre personal [NR] | Elías, Norbert |
| Subdivisión cronológica [R] | 1897-1990 |
| Subdivisión general [R] | Crítica e interpretación, etc. |
| 9 (RLIN) | 69663 |
| 650 07 - ASIENTO SECUNDARIO DE MATERIA - TERMINO TEMATICO [R] | |
| Término temático o nombre geográfico como elemento de entrada [NR] | Ciencias sociales |
| 9 (RLIN) | 10815 |
| 650 07 - ASIENTO SECUNDARIO DE MATERIA - TERMINO TEMATICO [R] | |
| Término temático o nombre geográfico como elemento de entrada [NR] | Estructura social |
| 9 (RLIN) | 15153 |
| 650 07 - ASIENTO SECUNDARIO DE MATERIA - TERMINO TEMATICO [R] | |
| Término temático o nombre geográfico como elemento de entrada [NR] | Realismo social |
| 9 (RLIN) | 23125 |
| 650 07 - ASIENTO SECUNDARIO DE MATERIA - TERMINO TEMATICO [R] | |
| Término temático o nombre geográfico como elemento de entrada [NR] | Sociología |
| 9 (RLIN) | 386 |
| 690 ## - ASUNTO AGREGADO LOCAL DE ENTRADA - TÉRMINO TEMÁTICO (OCLC, RLIN) | |
| Acceso temático local | Sociología |
| 9 (RLIN) | 386 |
| 700 1# - ASIENTO SECUNDARIO - NOMBRE PERSONAL [R] | |
| Nombre personal [NR] | Urrutia, Belen |
| Término de relación [R] | traductor |
| 9 (RLIN) | 69664 |
| 765 ## - ASIENTO DE IDIOMA ORIGINAL [R] | |
| Título [NR] | Les nouvelles sociologies. La réalité sociale en construction |
| 942 ## - ELEMENTOS DE ENTRADA AGREGADOS (KOHA) | |
| Tipo de ítem principal el descrito en 300a | Libro |
| Tema principal | Sociología |
| Edición | 1 |
| Parte restante de la signatura top. | C67 |
| Sistema de clasificación | DEWEY |
| Clasificación | 301 |
| Fecha de último préstamo | Total préstamos | Total Renewals | Signatura topográfica | Código de barras | Última vez visto | Ejemplar | Price effective from | Tipo de ítem | Perdido | Sistema de clasificación | Dañado | No prestable | Tipo de ítem específico | Suprimido | Ubicación habitual | Ubicación actual | Localización | Fecha de creación | Forma de adquisición | Costo |
|---|---|---|---|---|---|---|---|---|---|---|---|---|---|---|---|---|---|---|---|---|
| 30/01/2017 | 11 | 7 | 301 C793 | 100050348 | 09/12/2025 | Ej.1 | 03/02/2013 | Libro | DEWEY | Libro | Claustro | Claustro | 2do piso | 28/02/2003 | Compra | 54000.00 |